Pruebas mas intentadas en Jetpunk - Estadísticas

Estadísticas generales
  • Esta prueba ha sido intentada 12 veces
  • La puntuación promedio es 4 de 15
Estadísticas de respuestas
Intentos Pruebas % Correcto
+2.500.000 Países del mundo
100%
+340.000 Capitales del mundo
70%
+320.000 Banderas del mundo
60%
+520.00 Estados de los Estados Unidos
40%
+190.000 Ganadores de Balón de Oro - ¡Muerte súbita!
30%
+260.000 Países de Europa
30%
+280.000 Encuentra el país misterioso usando pistas de color
20%
+210.000 Escribir rápido A-Z
10%
+400.000 Mapa mundial sin 20 países aleatorios
10%
+190.000 Tabla Periódica
10%
+390.000 12 meses en 15 segundos
0%
+170.000 Contar rápido - 1 a 100
0%
+170.000 Haz clic en la provincia en un mapa sin fronteras - ¡Muerte súbita!
0%
+210.000 Países del mundo con un mapa vacío
0%
+270.000 Países por las primeras 2 letras en 90 segundos
0%
No se encontraron pruebas coincidentes
Distribución de puntuación
Porcentaje de gente con cada puntuación
Porcentaje por número respondido
Historial de tus puntuaciones
No has intentado esta prueba.